Statistics for Legnagyobb országok betű szerint

Click here to take the quiz!

General Stats

  • This quiz has been taken 8 times
  • The average score is 9 of 22

Answer Stats

BetűTerület (km²)Ország% Correct
O17 098 246Oroszország
100%
I3 287 263India
83%
F643 801Franciaország
67%
J530 000Jemen
67%
K9 984 760Kanada
67%
R238 398Románia
67%
B8 515 767Brazília
50%
C1 284 000Csád
50%
E9 833 520Egyesült Államok
50%
H112 492Honduras
50%
Z752 617Zambia
50%
A7 688 287Ausztrália
33%
G245 857Guinea
33%
L1 759 541Libia
17%
M1 972 550Mexikó
17%
N1 267 000Niger
17%
P1 285 216Peru
17%
S2 149 690Szaúd-Arábia
17%
T947 303Tanzánia
17%
U603 628Ukrajna
17%
V916 445Venezuela
17%
D1 221 037Dél-afrikai Köztársaság
0%

Score Distribution

Percentile by Number Answered

Percent of People with Each Score

Your Score History

You have not taken this quiz